00274nam a22000737a 4500008004100000082001100041245013100052300001700183230522b |||||||| |||| 00| 0 eng d a333.95 aTrainer Manual: Curriculum 5;bIntake, screening, assessment, treatment planning and documentation for addiction professionals a596 p.c28cm